Closest Global Football Clubs - Statistics

General Stats
  • This quiz has been taken 12 times
    5 since last reset
  • The average score is 12 of 22
Answer Stats
Distance (metres) Continent Country Clubs % Correct
280 Europe Scotland Dundee
100%
280 Europe Scotland Dundee United
100%
515 Europe Slovakia FK Inter Bratislava
100%
274 Europe Sweden IFK Malmo
100%
274 Europe Sweden Malmo FF
100%
402 Europe England Nottingham Forest
100%
402 Europe England Notts County
100%
1287 Europe Greece PAOK
100%
193 Europe France Paris Saint Germain
100%
900 Europe Serbia Partizan Belgrade
100%
900 Europe Serbia Red Star Belgrade
100%
193 Europe France Paris FC
50%
515 Europe Slovakia Slovan Bratislava
50%
157 Europe Hungary BKV Elore
0%
209 Europe Denmark Boldkubben 1893
0%
113 South America Uruguay Central Espanol
0%
209 Europe Denmark FC Copenhagen
0%
354 South America Argentina Independiente
0%
1287 Europe Greece Iraklis
0%
113 South America Uruguay Miramar Misiones
0%
157 Europe Hungary MTK Budapest
0%
354 South America Argentina Racing Club
0%
No matching quizzes found
Score Distribution
Percent of People with Each Score
Percentile by Number Answered
Your Score History
You have not taken this quiz since the last reset